| 000 | 00629nam a22002057a 4500 | ||
|---|---|---|---|
| 005 | 20170724141743.0 | ||
| 010 | _aENG-119328 | ||
| 020 |
_a9789382770107 _c650.00 |
||
| 035 | _aEN-102860 | ||
| 037 | _bDBAD/PUB | ||
| 082 | _a327.54 | ||
| 245 |
_aIndia's foreign policy and relations : _cedited by Anju Bali Pandey [and] Ravi Bhushan Pandey |
||
| 260 |
_a Delhi _bImage India _c2015 |
||
| 270 |
_b Delhi _e110092 |
||
| 300 |
_a232p. : _c22cm(Hb) _bill. |
||
| 500 | _aIncludes bibliographical references | ||
| 700 | _aPandey,Anju Bali | ||
| 700 | _a Pandey,Ravi Bhushan | ||
| 942 |
_2ddc _cEN _mPAN _h327.54 |
||
| 999 |
_c142800 _d142800 |
||